000 00748cam a22001932 4500
001 0000023419
005 20151217161556.0
008 121127s xx 000 0 eng d
040 _aKABU
_cKABU
100 1 _aKipkenei, Raymond Kiprop.
_@0000182792
245 1 0 _aAnalysis of policy effectiveness as a strategic management tool on microfinance institutions in Kenya :
_ba case study of MFI's in Nakuru municipality /
_cRaymond Kiprop Kipkenei.
260 _aNakuru :
_bKabarak University,
_c2012.
300 _axi, 56 leaves +
_e1 CD-ROM.
502 _aThesis (MBA) - Kabarak University, 2012.
650 0 _aMicrofinance
_zKenya.
_@0000182793
908 _a121127
950 _@1
999 _c15358
_d15358